| 000 | 01504 a2200217 4500 | ||
|---|---|---|---|
| 020 | _a0205685900 | ||
| 020 | _a0205685900 | ||
| 040 |
_aDLC _bDLC |
||
| 082 | 0 | 0 | _a150.72 |
| 100 | 1 |
_aStanovich, Keith E., _953104 |
|
| 245 | 1 | 0 |
_aHow to think straight about psychology _cKeith E. Stanovich. |
| 250 | _a7th ed. | ||
| 260 |
_aNew Delhi : ., _bPearson Education Inc _cc2007. |
||
| 300 | _ap. cm. | ||
| 505 | 0 | _aPsychology is alive and well (and doing fine among the sciences) -- Falsifiability : how to foil little green men in the head -- Operationism and essentialism : "But, doctor, what does it really mean?" -- Testimonials and case study evidence : placebo effects and the Amazing Randi -- Correlation and causation : birth control by the toaster method -- Getting things under control : the case of Clever Hans -- "But it's not real life!" : the "artificiality," criticism and psychology -- Avoiding the Einstein syndrome : the importance of converging evidence -- The misguided search for the "magic bullet" : the issue of multiple causation -- The Achilles' heel of human cognition : probabilistic reasoning -- The role of chance in psychology -- The Rodney Dangerfield of the sciences. | |
| 600 |
_a.Psychology--Research--Methodology. 2.Mass media--Psychological aspects. 3.Mass media--Objectivity. _9122504 |
||
| 650 | 0 |
_aPsychology _xResearch _xMethodology. |
|
| 650 | 0 |
_aMass media _xPsychological aspects. _9122505 |
|
| 650 | 0 |
_aMass media _xObjectivity. _9119421 |
|
| 942 |
_cBK _k150.72 STA _2ddc |
||
| 999 |
_c7051 _d7051 |
||